BUBT Library Online Catalog

Literary Theories and Criticism Beyond Modernism : (Record no. 6834)

000 -LEADER
fixed length control field 00552nam a22001937a 4500
003 - CONTROL NUMBER IDENTIFIER
control field BUBTL
008 - FIXED-LENGTH DATA ELEMENTS--GENERAL INFORMATION
fixed length control field 221125b ||||| |||| 00| 0 eng d
020 ## - INTERNATIONAL STANDARD BOOK NUMBER
International Standard Book Number 8189293001
082 ## - DEWEY DECIMAL CLASSIFICATION NUMBER
Classification number 801.95/ G155l/ 2005
100 ## - MAIN ENTRY--PERSONAL NAME
9 (RLIN) 4976
Personal name Gangopadhyay, Avik
245 ## - TITLE STATEMENT
Title Literary Theories and Criticism Beyond Modernism :
Remainder of title Avik Gangopadhyay
250 ## - EDITION STATEMENT
Edition statement 1st Edn
260 ## - PUBLICATION, DISTRIBUTION, ETC. (IMPRINT)
Place of publication, distribution, etc. Kolkata
Name of publisher, distributor, etc. Books Way
Date of publication, distribution, etc. c2005
300 ## - PHYSICAL DESCRIPTION
Extent 227p. :
Other physical details 23 cm
700 ## - ADDED ENTRY--PERSONAL NAME
9 (RLIN) 4976
Personal name Gangopadhyay, Avik
856 ## - ELECTRONIC LOCATION AND ACCESS
Password 0
Logon 0
Link text Download
942 ## - ADDED ENTRY ELEMENTS (KOHA)
Source of classification or shelving scheme
Koha item type Books
Holdings
Withdrawn status Lost status Source of classification or shelving scheme Damaged status Not for loan Collection code Permanent location Current location Shelving location Date acquired Source of acquisition Inventory number Total Checkouts Full call number Barcode Date last seen Copy number Price effective from Koha item type
        Not For Loan Non-fiction Bangladesh University of Business and Technology Library Bangladesh University of Business and Technology Library English Literature Stacks 05/28/2006 Purchase 3048   801.95/ G155l/ 2005 BUBTL-20033048 11/25/2022 C-1 11/25/2022 Books

More Information About Library

Library Hours

  • Open: 9.00 am. to 9.00 pm.
  • Only Sunday: 9.00 am. to 6.00 pm.
  • Closed: Holiday

Contact to the University

Bangladesh University of Business and Technology Library

  • Mirpurl-2, 1216.
  • Phone:
  • Fax:
  • E-Mail: admin.library@bubt.edu.bd

Contact to the Library

Contact Person:

Md. Abdul Hakim Shah
Joint Librarian
PABX No:  113
Cell No: 01816332931
E-mail: official: admin.library@bubt.edu.bd
Personal: hakim.shah@bubt.edu.bd


BUBT Library

Copyright © 2021